000 00943nas a2200301 4500
001 BR0805031
003 BR-BrBNA
005 20231205112358.0
007 ta
008 230509b bl.|||p| |||| 00| 00por d
040 _aBR-BrBNA
_bpor
_cBiblioteca Nacional de Agricultura
041 _a(Pt)
072 _aE70
100 1 _aColla, C.
100 1 _aStaduto
100 1 _aJ.A.R.
100 1 _aRocha Júnior, W.F. da
100 1 _aRinaldi, R.N.
245 1 _aEscolha da feira livre como canal de distribuição para produtos da agricultura familiar de Cascavel, Estado do Paraná
650 _aAGRICULTURA FAMILIAR
650 _aCOMERCIALIZAÇÃO
650 _aFEIRA
650 _aMERCADORIA
650 _aPARANÁ
773 0 _tInformações Econômicas - Instituto de Econômia Agrícola (Brazil)
_xISSN 0100-4409
_g(Feb 2008), v. 38(2) p. 7-17
_wBR0805031
909 _a202311
_bLúcia
_c55
_dLúcia Elande
942 _2AGRIS
_n0
_cANA
999 _c197733
_d197733